| 000 | 00463nam a22001697a 4500 | ||
|---|---|---|---|
| 005 | 20180801161026.0 | ||
| 008 | 160630b xxu||||| |||| 00| 0 eng d | ||
| 020 | _a07069-9760-3 | ||
| 041 | _aeng | ||
| 082 |
_b10919 _a658.3 |
||
| 100 |
_aPylee, Dr. M.V and George, A Simon _94685 |
||
| 245 | _aIndustrial relations and personnel Management | ||
| 260 |
_aNew Delhi _bVikas Publishing House, _c2003 |
||
| 300 | _a193p, | ||
| 650 |
_aManagement _9241 |
||
| 942 | _cBK | ||
| 999 |
_c4826 _d4824 |
||